000
00356nam a2200133Ia 4500
003
GCL
008
140319s9999 xx 000 0 ara d
040
_a
GCL /
_c
GCL
082
0
4
_a
814.9
_b
س ع
245
1
0
_a
على مقهى الحياة
260
_a
[S.N] :
_b
الهيئة المصرية العامة للكتاب ،
_c
1988
300
_a
326 ص
490
_a
999
_c
31542
_d
31542